| 000 | 01152nam a22003617a 4500 | ||
|---|---|---|---|
| 001 | 0051562 | ||
| 003 | KOHA_MİRAKIL | ||
| 005 | 20260207003810.0 | ||
| 007 | ta | ||
| 008 | 150629b2013 tu a|||gr||||#||||0|tur | | ||
| 020 | _a9786051336084 | ||
| 040 |
_aTR-BiSEU _btur _cTR-BiSEU _erda |
||
| 041 | 0 | _atur | |
| 044 | _ctu | ||
| 050 |
_aHF5381 _b.O99 2013 |
||
| 100 | 1 | _aÖzyürek, Ragıp. | |
| 245 | 1 |
_aKariyer psikolojik kuramları danışmanlığı : _bçocuk ve ergenler için kariyer rehberliği uygulamaları/ _cRagıp Özyürek ; Ragıp Özyürek. |
|
| 264 | 1 |
_aAnkara : _bNobel _c2013 |
|
| 300 |
_aVI, 271 sayfa : _bresimli ; _c24 cm. |
||
| 336 |
_ametin _btxt _2rdacontent |
||
| 337 |
_aaracısız _bn _2rdamedia |
||
| 338 |
_acilt _bnc _2rdacarrier |
||
| 490 | 1 |
_aNobel yayınları ; _vno. |
|
| 490 | 1 |
_a ; _v707 Psikolojik danışma ; _vno. |
|
| 490 | 1 |
_a ; _v36. |
|
| 500 | _aKaynakça var. | ||
| 650 | 0 |
_aMesleki rehberlik. _965868 |
|
| 650 | 0 |
_aKariyer rehberliği. _995980 |
|
| 830 | 1 |
_aNobel yayınları ; _vno. _91490 |
|
| 830 | 1 |
_a ; _v707 Psikolojik danışma ; _vno. _91620 |
|
| 830 | 1 |
_a ; _v36. _91620 |
|
| 942 |
_2lcc _cBK |
||
| 999 |
_c51385 _d51385 |
||